Pokémon Trivia - Normal Type Edition - Statistics

General Stats
  • This quiz has been taken 15 times
  • The average score is 7 of 10
Answer Stats
Question Answer % Correct
Which of these types is Normal weak to? Fighting
100%
Which type is most commonly paired with Normal? Flying
100%
What does the ability Normalize do? It makes all moves used by the Pokémon normal type
100%
The Pidgey line is well known as one of the first Normal types you'll encounter in the series. Which Normal Type was the first in the Pokedex NOT to be paired with flying? Jigglypuff
100%
When the creators of Pokémon want to create a gimmicky Pokémon, they typically use a Normal type like Ditto or Castform. Which of these gimmicky Pokémon have the ability color change? Kecleon
100%
Which of these Normal Type Moves do not raise the users Attack? Stockpile
80%
The move Pay Day can be used in wild or trainer battles to earn extra money. How much extra money does it earn you? It creates money equal to twice the user's level
60%
What is the strongest Normal type move with a set power level? Explosion
40%
What types does the Normal type resist? None of them
40%
Which item powers up Normal type moves? All of the Above
20%
No matching quizzes found
Score Distribution
Percent of People with Each Score
Percentile by Number Answered
Your Score History
You have not taken this quiz